| 000 | 00641nam a2200181Ia 4500 | ||
|---|---|---|---|
| 008 | 100920s9999 xx 000 0 und d | ||
| 082 |
_b40168 _a28 व 51 थ 60 |
||
| 100 | _aभिडे रामकृष्ण गोपाळ. | ||
| 245 | _aलाला लजपतराय. | ||
| 260 |
_bचित्रशाळा प्रकाशन,पुणे2. _c1960 |
||
| 300 |
_a55 _bसाधी |
||
| 365 | _b0.75 | ||
| 520 | _aबा. वि चरित्र. | ||
| 630 | _aलाला लजपतराय. | ||
| 650 | _aबा. वि चरित्र. | ||
| 730 | _aलाला लजपतराय. | ||
| 942 | _cBOOK | ||
| 999 |
_c691363 _d691360 |
||